• 首页
  • 本馆介绍
  • 公告通知
  • 最新文献
  • 馆藏检索
  • 电子资源
  • 读者导购
  • 参考咨询
  • 我的图书馆
  • 登录
  • 详细信息显示
  • 放入我的书架
  • 预约/预借图书
  • 作者相关作品
  • 分类相关作品
  • 丛书相关作品
  • 出版社相关作品

书目信息

  • 表格格式
  • 工作单格式
  • 卡片格式
题名:
机械设计基础
    
 
作者: 柴鹏飞 主编
分册:  
出版信息: 北京   机械工业出版社  2011.3
页数: 185页
开本: 26cm
丛书名:
单 册:
中图分类: TH122
科图分类:
主题词: 机械设计--中等专业教育--教材 , 机械设计
电子资源:
ISBN: 978-7-111-33540-5
000 00886nam0 2200265 450
001 3485
005 20160926154104.64
010    @a978-7-111-33540-5@b平装@dCNY29.00
100    @a20130318d2011 em y0chiy50 ea
101 0  @achi
102    @aCN@b110000
105    @aa z 000yy
200 1  @a机械设计基础@b专著@f柴鹏飞主编@9ji xie she ji ji chu
205    @a3版
210    @a北京@c机械工业出版社@d2011.3
215    @a185页@c图@d26cm
300    @a中等职业教育机电类规划教材 机械工业出版社精品教材
304    @a机械职业教育基础课教学指导委员会机械设计学科组组编
330    @a本书内容包括:机构组成及自由度计算、平面连杆机构、其他常用机构、带传动与链传动、齿轮、连接等。
606 0  @a机械设计@x中等专业教育@j教材
606 0  @a机械设计
690    @aTH122@v4
701  0 @a柴鹏飞@4主编@9chai peng fei
801  0 @aCN@b唐山师范学院图书馆@c20151001
905    @aZUCC@dTH122@e107=3
    
    机械设计基础/柴鹏飞主编.-3版.-北京:机械工业出版社,2011.3
    185页:图;26cm
    中等职业教育机电类规划教材 机械工业出版社精品教材
    
    ISBN 978-7-111-33540-5(平装):CNY29.00
    本书内容包括:机构组成及自由度计算、平面连杆机构、其他常用机构、带传动与链传动、齿轮、连接等。
●
相关链接 在E读中查询图书 在五车中查询图书 在当当中查询图书 在豆瓣中查询图书


正题名:机械设计基础     索取号:TH122/107=3         预约/预借

序号 登录号 条形码 馆藏地/架位号 状态 备注
1 904936   209049368   第二样本阅览室/ [索取号:TH122/107=3] 在馆    
2 904937   209049377   第三借阅区/ [索取号:TH122/107=3] 在馆    
3 904938   209049386   第三借阅区/ [索取号:TH122/107=3] 在馆    
4 904939   209049395   第三借阅区/ [索取号:TH122/107=3] 在馆    
5 904940   209049402   第三借阅区/ [索取号:TH122/107=3] 在馆    
唐山师范学院图书馆 欢迎您!
大连网信软件有限公司© 版权所有